Разработка стеклокерамических покрытий для медицинского инструмента; Проблемы геологии и освоения недр

Bibliographische Detailangaben
Parent link:Проблемы геологии и освоения недр.— 2009.— С. 830-833
1. Verfasser: Борщёва Е. Г.
Weitere Verfasser: Кулинич Е. А. Екатерина Александровна (научный руководитель), Хабас Т. А.
Sprache:Russisch
Veröffentlicht: 2009
Schlagworte:
Format: MixedMaterials Buchkapitel
KOHA link:https://koha.lib.tpu.ru/cgi-bin/koha/opac-detail.pl?biblionumber=182227

MARC

LEADER 00000naa2a2200000 4500
001 182227
005 20240110093910.0
035 |a (RuTPU)RU\TPU\book\197526 
090 |a 182227 
100 |a 20100617d2009 k y0rusy50 ca 
101 0 |a rus 
102 |a RU 
200 1 |a Разработка стеклокерамических покрытий для медицинского инструмента  |f Е. Г. Борщёва, Е. А. Кулинич  |g науч. рук. Т. А. Хабас 
320 |a Библиогр.: 3 назв. 
463 0 |0 (RuTPU)RU\TPU\book\186895  |y 978-5-98298-569-9  |t Проблемы геологии и освоения недр  |o труды XIII Международного симпозиума имени академика М. А. Усова студентов и молодых ученых, посвященного 110-летию со дня рождения К. В. Радугина  |f Томский политехнический университет (ТПУ), Институт геологии и нефтегазового дела (ИГНД)  |v С. 830-833  |d 2009  |p 993 с. 
610 1 |a стеклокерамические покрытия 
610 1 |a медицина 
610 1 |a инструменты 
610 1 |a эмали 
610 1 |a легкоплавкие стёкла 
610 1 |a труды учёных ТПУ 
700 1 |a Борщёва  |b Е. Г. 
701 1 |a Кулинич  |b Е. А.  |c химик  |c доцент Томского политехнического университета, кандидат технических наук  |f 1975-  |g Екатерина Александровна  |3 (RuTPU)RU\TPU\pers\25615  |9 11544 
702 1 |a Хабас  |b Т. А.  |4 727 
801 1 |a RU  |b 63413507  |c 20100617 
801 2 |a RU  |b 63413507  |c 20160427  |g RCR 
942 |c BK